শিবপ্রসন্ন লাহিড়ী রচনাবলী / (Record no. 9679)
[ view plain ]
| 000 -LEADER | |
|---|---|
| fixed length control field | 00737nam a2200229 a 4500 |
| 001 - CONTROL NUMBER | |
| JCCL Control Number | 9679 |
| 003 - CONTROL NUMBER IDENTIFIER | |
| JCCL marc code | BD-JhCC |
| 005 - DATE AND TIME OF LATEST TRANSACTION | |
| control field | 20230610194357.0 |
| 008 - FIXED-LENGTH DATA ELEMENTS--GENERAL INFORMATION | |
| fixed length control field | 230610s2019 bg |||| ||a| 000 0 b d |
| 020 ## - INTERNATIONAL STANDARD BOOK NUMBER | |
| International Standard Book Number | 9789849298526 |
| 035 ## - SYSTEM CONTROL NUMBER | |
| system control number | (BD-JhCC)9679 |
| 040 ## - CATALOGING SOURCE | |
| Original cataloging agency | BD-JhCC |
| Modifying agency | BD-JhCC |
| 041 ## - LANGUAGE CODE | |
| Language code of Book | ben |
| 082 ## - DEWEY DECIMAL CLASSIFICATION NUMBER | |
| Classification number | 410 |
| Author mark and Year | LAH 2019 |
| 100 ## - MAIN ENTRY--PERSONAL NAME | |
| Personal name | লাহিড়ী, শিবপ্রসন্ন |
| 245 ## - TITLE STATEMENT | |
| Title | শিবপ্রসন্ন লাহিড়ী রচনাবলী / |
| Statement of responsibility, etc | শিবপ্রসন্ন লাহিড়ী |
| 260 ## - PUBLICATION, DISTRIBUTION, ETC. (IMPRINT) | |
| Place of publication, distribution, etc | ঢাকা: |
| Name of publisher, distributor, etc | আবিস্কার, |
| Date of publication, distribution, etc | ২০১৯. |
| 300 ## - PHYSICAL DESCRIPTION | |
| Pagination | ৪৯৫ পৃ. : |
| Dimensions | ২১ সেমি. |
| 651 ## - SUBJECT ADDED ENTRY--GEOGRAPHIC NAME | |
| Geographic name | Languistics |
| 942 ## - ADDED ENTRY ELEMENTS (KOHA) | |
| Source of classification or shelving scheme | Dewey Decimal Classification |
| Koha item type | Books |
| Source of classification or shelving scheme | volume number | Damaged status | Not for loan | Home library | Current library | Shelving location | Date of accession | Source of acquisition | Cost, normal purchase price | Total Checkouts | Full call number | Barcode | Date last seen | Copy number | Method of acquisition | Koha item type | Currency |
|---|---|---|---|---|---|---|---|---|---|---|---|---|---|---|---|---|---|
| Dewey Decimal Classification | V-1 | JCC Rouf Library | JCC Rouf Library | General Stacks | 06/10/2023 | জাতীয় গ্রন্থকেন্দ্র | 850.00 | 410 LAH 2019 | 17862 | 06/10/2023 | C-1 | Purchase | Books | BDT |